| 000 | 011100000a22002770004500 | ||
|---|---|---|---|
| 999 |
_c44911 _d44911 |
||
| 001 | 768714001 | ||
| 003 | CO-MdFUSB | ||
| 005 | 20191023161330.0 | ||
| 008 | 191021b ||||| |||| 00| 0 eng d | ||
| 020 | _a9789584492548 | ||
| 040 |
_bspa. _aCO-MdFUSB _cCO-MdFUSB _dCO-MdFUSBC _erda |
||
| 041 | _aspa | ||
| 082 | 0 | 4 |
_a23 _2G 287.1861 _b C1721i |
| 100 | 1 |
_aCamacho, Edison _eautor |
|
| 245 | 1 | 0 |
_aLa iglesia Wesleyana en Colombia, su historia. _c/ Edison Camacho |
| 264 | 1 |
_aMedellín, Colombia: _bIglesia Wesleyana de Colombia, _c[2011] |
|
| 300 |
_a297 páginas _c; 22 cm |
||
| 336 |
_atexto _btxt _2rdacontent |
||
| 337 |
_2rdamedia _asin mediación _bn |
||
| 338 |
_2rdacarrier _avolumen _bnc |
||
| 505 | 0 | _aAgradecimientos -- Prólogo -- Palabras del Superintendente Nacional -- Introducción -- Inicio de la iglesia Metodista Wesleyana en Colombia -- La Iglesia Metodista Wesleyana desde 1950 hasta el final del milenio -- La Iglesia Wesleyana en el siglo XXI -- Conclusiones | |
| 563 | _aRústico | ||
| 650 | 1 | 0 |
_aHistoria de la Iglesia _9397 _vWesleyana _zColombia |
| 942 | _cBK | ||
| 945 | _aJTF-925 | ||